000 00200nam a22000977a 4500
041 _aENG
245 _aMonograph On Grading For Universities
260 _aDelhi
_bAIU
_c1996
650 _a48
856 _u48
999 _c3139
_d3139